Database management systems (Record no. 488)

000 -LEADER
fixed length control field 00537nam a22002177a 4500
001 - CONTROL NUMBER
control field 488
003 - CONTROL NUMBER IDENTIFIER
control field BD-DhUET
008 - FIXED-LENGTH DATA ELEMENTS--GENERAL INFORMATION
fixed length control field 140722b xxu||||| |||| 00| 0 eng d
020 ## - INTERNATIONAL STANDARD BOOK NUMBER
International Standard Book Number 0072465638
040 ## - CATALOGING SOURCE
Transcribing agency 0
Modifying agency BD-DhUET
082 ## - DEWEY DECIMAL CLASSIFICATION NUMBER
Classification number 005.74
Item number RAM/2003
100 ## - MAIN ENTRY--PERSONAL NAME
Personal name Ramakrishnan, Raghu
245 ## - TITLE STATEMENT
Title Database management systems
250 ## - EDITION STATEMENT
Edition statement 3rd ed.
260 ## - PUBLICATION, DISTRIBUTION, ETC. (IMPRINT)
Place of publication, distribution, etc. Boston
Name of publisher, distributor, etc. McGraw-Hill
Date of publication, distribution, etc. 2003
300 ## - PHYSICAL DESCRIPTION
Extent xxxii,1065p.
504 ## - BIBLIOGRAPHY, ETC. NOTE
Bibliography, etc Includes bibliographies
650 #0 - SUBJECT ADDED ENTRY--TOPICAL TERM
Topical term or geographic name as entry element Database management
700 ## - ADDED ENTRY--PERSONAL NAME
Personal name Gehrke, Jahannes
942 ## - ADDED ENTRY ELEMENTS (KOHA)
Koha item type General Book
Holdings
Sublocation or collection (holding branch) Location (home branch) Piece designation (barcode) Copy number Not for loan Price effective from Damaged status Shelving location Source of classification or shelving scheme Withdrawn status Lost status Date acquired Koha date last seen Koha full call number Koha item type Koha normalized classification for sorting
Central Library, BUETCentral Library, BUET1106191 2014-07-22 Circulation section   2014-07-222014-07-22005.74/RAM/2003General Book005_740000000000000_RAM_2003
Central Library, BUETCentral Library, BUET1071322 2014-10-20 Circulation section   2014-10-202014-10-20005.74/RAM/2003General Book005_740000000000000_RAM_2003
Central Library, BUETCentral Library, BUET1025533 2015-06-06 Reading section   2015-06-062015-06-06005.74/RAM/2003Reading Item005_740000000000000_RAM_2003
Central Library, BUETCentral Library, BUET1021714 2015-06-09 Reading section   2015-06-092015-06-09005.74/RAM/2003Reading Item005_740000000000000_RAM_2003
Central Library, BUETCentral Library, BUET1071315 2017-03-22 Circulation section   2009-05-162017-03-22005.74/RAM/2003General Book005_740000000000000_RAM_2003